| 000 | 00585nam a22001697a 4500 | ||
|---|---|---|---|
| 003 | AM-YeHGA | ||
| 005 | 20260318131604.0 | ||
| 008 | 180615s1946 ru ||||| |||| 00| 0 rus d | ||
| 040 | _aAM-YeHGA | ||
| 041 | 0 | _arus | |
| 100 | 1 | _aКрачковский, И. Ю. | |
| 245 | 1 | 0 |
_aАрабская литература в XX веке/ _cИ.Ю. Крачковская. |
| 260 |
_aЛенинград : _bИзд-во Ленингр. гос. ун-та, _c1946. |
||
| 300 | _a62 с. | ||
| 653 | 0 | _aАрабская литература - 20 в. - Исследования | |
| 942 |
_2udc _cBK |
||
| 999 |
_c406696 _d406696 |
||